000 00500cam a2200145 4500500
005 20260412000939.0
041 _afre
042 _adc
100 1 0 _aLabouret, Mireille
_eauthor
245 0 0 _aDe l' « Imitation de Jésus-Christ » à « L'évangile en action »
260 _c2003.
500 _a11
786 0 _nL'Année balzacienne | 4 | 1 | 2003-06-01 | p. 43-62 | 0084-6473
856 4 1 _uhttps://shs.cairn.info/revue-l-annee-balzacienne-2003-1-page-43?lang=fr&redirect-ssocas=7080
999 _c2211199
_d2211199